000 02990cam a2200337 i 4500
001 10618891
003 CaAEU
005 20251029135051.0
008 231107t20242024fr 000 f fre c
020 _a9782702185179
035 _aon1416871652
040 _aAUXAM
_beng
_erda
_cAUXAM
_dTJC
_dNOC
_dOCLCO
_dC3L
_dQGK
_dVP@
_dUAB
_dAEU
041 _afre
042 _apcc
050 4 _aPQ2716.E74
_bI56 2024
100 _aPeretti, Camille de
_eauthor
_926356
245 1 2 _aL'inconnue du portrait
_b: roman
_c/ Camille de Peretti.
260 _aParis :
_bCalmann-Lévy,
_c2024.
300 _a357 pages ;
_c22 cm
520 8 _a'La toile vibrait de beauté. Elle en avait le souffle coupé et se noyait dans l'oeil bleu ciel piqueté de vert. Est-ce qu'elle était réellement le sosie de cette inconnue ?' Peint à Vienne en 1910, le tableau de Gustav Klimt Portrait d'une dame est acheté par un collectionneur anonyme en 1916, retouché par le maître un an plus tard, puis volé en 1997, avant de réapparaître en 2019 dans les jardins d'un musée d'art moderne en Italie. Aucun expert en art, aucun conservateur de musée, aucun enquêteur de police ne sait qui était la jeune femme représentée sur le tableau, ni quels mystères entourent l'histoire mouvementée de son portrait. Des rues de Vienne en 1900 au Texas des années 1980, du Manhattan de la Grande Dépression à l'Italie contemporaine, Camille de Peretti imagine la destinée de cette jeune femme, ainsi que celles de ses descendants. Une fresque magistrale où se mêlent secrets de familles, succès éclatants, amours contrariées, disparitions et drames retentissants.
520 8 _a“The canvas shimmered with beauty. It took her breath away, and she drowned in that sky-blue eye flecked with green. Was she really the double of this unknown woman?” Painted in Vienna in 1910, Gustav Klimt’s Portrait of a Lady was purchased by an anonymous collector in 1916, retouched by the master a year later, then stolen in 1997—before mysteriously resurfacing in 2019 in the gardens of a modern art museum in Italy. No art expert, museum curator, or police investigator knows who the young woman in the portrait was, nor what secrets lie behind the painting’s turbulent history. From the streets of Vienna in 1900 to Texas in the 1980s, from Depression-era Manhattan to contemporary Italy, Camille de Peretti imagines the fate of this young woman and that of her descendants. A sweeping saga woven with family secrets, dazzling successes, doomed love affairs, disappearances, and resounding tragedies.
600 0 _aKlimt, Gustav
_d1862-1918
_tPortrait of a Lady
_vFiction
_926357
650 0 _aArtists' models
_vFiction
_926358
650 0 _aShoe shiners
_vFiction
_926359
650 0 _aIllegitimate children
_vFiction
_924142
650 0 _aArt thefts
_vFiction
_926360
651 0 _aUnited States
_vFiction
_926361
651 0 _aItaly
_vFiction
_926362
651 0 _aVienna (Austria)
_vFiction
_926363
942 _2lcc
999 _c5117
_d5117